<The> Practice of Collective Bargaining

Na minha lista:
Detalhes bibliográficos
Autor principal: Begin, James P.
Outros Autores: Beal, Edwin F.
Formato: Livro
Idioma:inglês
Publicado em: Homewood Irwin 1989
Edição:8. ed.
Tags: Adicionar Tag
Sem tags, seja o primeiro a adicionar uma tag!

MARC

LEADER 00000nam a2200000 4500
001 c023935
005 20221215114319.1
041 0 |a eng 
044 |a US 
245 1 0 |a <The> Practice of Collective Bargaining  |c James P. Begin, Edwin F. Beal 
250 |a 8. ed. 
264 1 |a Homewood  |b Irwin  |c 1989 
300 |a 638 s. 
100 1 |a Begin, James P. 
700 1 |a Beal, Edwin F.